000 00337nam a2200133Ia 4500
008 230917s9999||||xx |||||||||||||| ||und||
040 _e132074
_aMAIN
041 _aEnglish
082 _a330.156 P 273 K
100 _aPatinkin, Ddon
245 0 _aKeynes, Cambridge andn the General theory
260 _aLondon
_bMacmillan
942 _cBK
999 _c194498
_d194498